| 000 | 00435 a2200145 4500 | ||
|---|---|---|---|
| 005 | 20250625141005.0 | ||
| 020 | _a0-471-59319-2 | ||
| 082 | _aLM 621.3 STE | ||
| 100 | _aSTEIN, B. | ||
| 245 | _aBuilding Technology Mechanical and Electronical and Electrical System | ||
| 250 | _a2nd Ed. | ||
| 260 |
_aNew York _bJohn Wiley & Sons _c1997 |
||
| 300 |
_axix,1048p.: ill.; figure, picture, table _bGlossary & Index, _c29cm. |
||
| 942 |
_2ddc _cBKS |
||
| 999 |
_c3868 _d3868 |
||